000
00286nam a22001337a 4500
008
181019b xxu||||| |||| 00| 0 eng d
020
_a
52805
041
_a
eng
080
_a
330
100
_a
52
101
_a
MBE
245
_a
Economic Decision Models
_c
Riggs, J.L
942
_2
udc
_c
BK
999
_c
50285
_d
50285